Normal view
MARC view
- Adventures in the Near East 1918-1922
Entry Topical Term
001 - CONTROL NUMBER
- control field: 105820
003 - CONTROL NUMBER IDENTIFIER
- control field: NUST
005 - DATE AND TIME OF LATEST TRANSACTION
- control field: 20221224152317.0
008 - FIXED-LENGTH DATA ELEMENTS
- fixed length control field: 221224|| aca||aabn | a|a d
040 ## - CATALOGING SOURCE
- Original cataloging agency: NUST
- Transcribing agency: NUST
150 ## - HEADING--TOPICAL TERM
- Topical term or geographic name entry element: Adventures in the Near East 1918-1922
670 ## - SOURCE DATA FOUND
- Source citation: Work cat.: (NUST)185752: Rawlinson, Alfred 105819, Adventures in the Near East 1918-1922 /, 1923
